000 01318nam a2200289 4500
001 248
003 OSt
005 20250528074016.0
008 250210b |||||||e |||| 00| 1 eng d
040 _bpor
041 _heng
_apor
082 _a823
_bF733p
100 1 _aForster, E. M.
_d1879-1970.
240 _aPassage to India
245 _aPassagem para a Índia /
_cForster, E. M. ; Tradução de Sônia Coutinho
260 _aSão Paulo
_bCírculo do Livro
_c1987
300 _a319 p.
520 _aO livro reconstitui, de maneira ficcional, aspectos da colonização inglesa na Índia, detendo-se sobretudo no conflito que se estabeleceu durante o contato de duas culturas tão diferentes. Uma passagem para a Índia mistura o relato de viagem à análise da sociedade que se criou com a chegada dos colonizadores. Forster, no entanto, não esbarra em um problema comum a esse tipo de texto – a parcialidade – , e abre espaço no livro para uma pluralidade de pontos de vista que compõem painel bastante diversificado da Índia ocupada pelos ingleses.
650 0 _aLiteratura Inglesa
_989
650 0 _aViagens
_9189
650 0 _aAventura
_947
650 0 _aOutras Culturas
_9384
655 0 _aRomance
_923
655 0 _aFicção
_922
700 _aSônia Coutinho
_eTradutor
_9457
942 _2ddc
_n0
_cBK
999 _c248
_d248